[Event "Hamedan op 17th"]
[Site "Hamedan"]
[Date "2018.08.10"]
[Round "3"]
[White "Bagheri, Maziar"]
[Black "Mohammadi, Mohammad Mehdi"]
[Result "1-0"]
[WhiteElo "2308"]
[BlackElo "2021"]
[PlyCount "131"]
[EventDate "2018.08.09"]
[EventType "swiss"]
[EventRounds "11"]
[EventCountry "IRI"]
[SourceTitle "CBM 186 Extra"]
[Source "ChessBase"]
[SourceDate "2018.08.24"]
[SourceVersion "1"]
[SourceVersionDate "2018.08.24"]
[SourceQuality "1"]

1. e4 c5 2. Nf3 e6 3. d4 cxd4 4. Nxd4 a6 5. c4 Qc7 6. Nc3 d6 7. Be3 Nf6 8. Be2 Be7 9. 0-0 0-0 10. Rc1 b6 11. Qd2 Bb7 12. f3 Nbd7 13. Rfd1 Rac8 14. Bf1 Qb8 15. Qf2 Bd8 16. b4 Bc7 17. g3 Rfe8 18. Nb3 Ne5 19. Be2 Bc6 20. a4 Bb7 21. Bxb6 Bxb6 22. Qxb6 Rc6 23. Qf2 Nxc4 24. b5 axb5 25. axb5 Rcc8 26. Bxc4 Rxc4 27. Na5 Rc5 28. Rxd6 Rxc3 29. Rxc3 Qxd6 30. Nxb7 Qb4 31. Qc5 Qb1+ 32. Kg2 Nxe4 33. Qc6 Nf6 34. Rc1 Qb4 35. Rc2 Rf8 36. Qc5 Qb1 37. Nd6 Nd5 38. Rd2 Qe1 39. Nc4 Qc1 40. Re2 Nc3 41. Re5 Ra8 42. Ne3 Qd2+ 43. Kh3 Ne2 44. Nc4 Qh6+ 45. Kg2 Nf4+ 46. gxf4 Ra2+ 47. Kf1 Ra1+ 48. Kg2 Ra2+ 49. Kf1 Ra1+ 50. Re1 Qh3+ 51. Ke2 Qg2+ 52. Kd3 Qxf3+ 53. Ne3 Ra8 54. Rf1 Rd8+ 55. Kc3 Qb7 56. Kb4 Qe4+ 57. Nc4 g6 58. Qe5 Qc2 59. Qc3 Qxh2 60. b6 Qg2 61. Ra1 h5 62. Ra7 Rf8 63. Qf6 Qg1 64. Ra1 Qg2 65. Rd1 h4 66. Qxh4 1-0

[Event "Asian Schools-ch 12th U15"]
[Site "Tehran"]
[Date "2016.07.13"]
[Round "4.3"]
[White "Mohammadi, Mohammad Mehdi"]
[Black "Vakhidov, Daler"]
[Result "1/2-1/2"]
[WhiteElo "1913"]
[BlackElo "1961"]
[PlyCount "76"]
[EventDate "2016.07.11"]
[EventType "swiss"]
[EventRounds "9"]
[EventCountry "IRI"]
[SourceTitle "EXT 2024"]
[Source "ChessBase"]
[SourceDate "2023.10.10"]
[SourceVersion "1"]
[SourceVersionDate "2023.10.10"]
[SourceQuality "1"]

1. e4 c5 2. Nf3 Nc6 3. Bb5 g6 4. 0-0 Bg7 5. Bxc6 dxc6 6. h3 e5 7. d3 Ne7 8. b3 0-0 9. Bb2 Qc7 10. Nbd2 Be6 11. Qe2 f6 12. c3 Rad8 13. d4 exd4 14. cxd4 f5 15. Rfe1 Bf7 16. e5 cxd4 17. e6 Be8 18. Qc4 b5 19. Qd3 Bf6 20. Ba3 a5 21. Bc5 Rd5 22. Rac1 g5 23. Nf1 Bg6 24. N3d2 Re8 25. a3 Nc8 26. b4 a4 27. e7 Qd7 28. Qc2 Nd6 29. Bb6 Rc8 30. Bd8 Ne8 31. f4 h6 32. Nf3 Qd6 33. fxg5 hxg5 34. Qd2 g4 35. N3h2 gxh3 36. Qh6 Kf7 37. Qxh3 Ng7 38. Nf3 Rxd8 1/2-1/2